Farm Animals in French - Statistics

General Stats
  • This quiz has been taken 42 times
    36 since last reset
  • The average score is 15 of 36
Answer Stats
Picture Hint Answer % Correct
A duck Un canard
87%
A pig Un cochon
87%
A chicken Un poulet
87%
A horse Un cheval
83%
A rooster (male) Un coq
78%
A sheep Un mouton
78%
A hen (female) Une poule
74%
A goat Une chèvre
70%
A cow (female) Une vache
70%
A lamb Un agneau
65%
A goose Une oie
65%
A chick Un poussin
65%
A donkey Un âne
61%
A llama Un lama
48%
A bull (male) Un taureau
48%
A duckling Un caneton
39%
A mare (female) Une jument
39%
A ram (male) Un bélier
35%
A buck ("billy goat") Un bouc
35%
A calf Un veau
35%
A kid Un chevreau
30%
A stallion (male) Un étalon
30%
A sow (female) Une truie
30%
A ewe (female) Une brebis
26%
A turkey Une dinde
26%
A gosling Une oison
22%
A foal Un poulain
22%
A sheepdog Un chien de berger
17%
A piglet Un porcelet
17%
An alpaca Un alpaga
9%
Cattle/livestock (singular) Un bétail
9%
A filly (young female) Une pouliche
9%
A pony Un ponet
9%
A colt (young male) Un poulain
9%
A doe ("nanny goat") Une biche
4%
A boar (male) Un verrat
4%
No matching quizzes found
Score Distribution
Percent of People with Each Score
Percentile by Number Answered
Your Score History
You have not taken this quiz since the last reset